Classical Music Composers by Picture - Statistics

General Stats
  • This quiz has been taken 359 times
  • The average score is 13 of 16
Answer Stats
Picture Answer % Correct
Ludwig van Beethoven
99%
Wolfgang Amadeus Mozart
99%
Johann Sebastian Bach
98%
Antonio Vivaldi
91%
Franz Liszt
89%
Pyotr Ilyich Tchaikovsky
88%
Franz Schubert
87%
Claude Debussy
84%
Georg Friedrich Händel
84%
Richard Wagner
84%
Johannes Brahms
82%
Frédéric Chopin
78%
Felix Mendelssohn
69%
Sergei Rachmaninoff
67%
Maurice Ravel
65%
Béla Bartók
45%
No matching quizzes found
Score Distribution
Percent of People with Each Score
Percentile by Number Answered
Your Score History
You have not taken this quiz